Between two kingdoms : (Record no. 412607)
[ view plain ]
| 000 -LEADER | |
|---|---|
| fixed length control field | 02575cam a2200385Ii 4500 |
| 001 - CONTROL NUMBER | |
| control field | 1303031943 |
| 003 - CONTROL NUMBER IDENTIFIER | |
| control field | OCoLC |
| 005 - DATE AND TIME OF LATEST TRANSACTION | |
| control field | 20251020153801.0 |
| 008 - FIXED-LENGTH DATA ELEMENTS--GENERAL INFORMATION | |
| fixed length control field | 220311t20222021nyub e 000 0aeng d |
| 020 ## - INTERNATIONAL STANDARD BOOK NUMBER | |
| International Standard Book Number | 9780399588600 |
| 020 ## - INTERNATIONAL STANDARD BOOK NUMBER | |
| International Standard Book Number | 0399588604 |
| 035 ## - SYSTEM CONTROL NUMBER | |
| System control number | (OCoLC)1303031943 |
| Canceled/invalid control number | (OCoLC)1273914722 |
| -- | (OCoLC)1273966997 |
| -- | (OCoLC)1274060058 |
| 040 ## - CATALOGING SOURCE | |
| Original cataloging agency | AJP |
| Language of cataloging | eng |
| Transcribing agency | AJP |
| Modifying agency | YDX |
| -- | BDX |
| -- | OCLCO |
| -- | NBJ |
| -- | OCL |
| -- | OCLCO |
| -- | SO$ |
| Description conventions | rda |
| 050 #4 - LIBRARY OF CONGRESS CALL NUMBER | |
| Classification number | RC643 |
| Item number | .J35 2021 |
| 082 04 - DEWEY DECIMAL CLASSIFICATION NUMBER | |
| Classification number | 616.99/4190092 |
| -- | B |
| Edition number | 23 |
| 092 ## - LOCALLY ASSIGNED DEWEY CALL NUMBER (OCLC) | |
| Classification number | general nonfiction |
| Item number | 92 Jaouad |
| 100 1# - MAIN ENTRY--PERSONAL NAME | |
| Personal name | Jaouad, Suleika, |
| Relator term | author. |
| 9 (RLIN) | 6401685 |
| 245 10 - TITLE STATEMENT | |
| Title | Between two kingdoms : |
| Remainder of title | a memoir of a life interrupted / |
| Statement of responsibility, etc | Suleika Jaouad. |
| 246 3# - VARYING FORM OF TITLE | |
| Title proper/short title | Between 2 kingdoms. |
| 250 ## - EDITION STATEMENT | |
| Edition statement | Random House trade paperback edition. |
| 264 #1 - Production, Publication, Distribution, Manufacture, and Copyright Notice. | |
| Place of production, publication, distribution, manufacture | New York : |
| Name of producer, publisher, distributor, manufacturer | Random House, |
| Date of production, publication, distribution, manufacture, or copyr | [2022] |
| 264 #4 - Production, Publication, Distribution, Manufacture, and Copyright Notice. | |
| Date of production, publication, distribution, manufacture, or copyr | ©2021. |
| 300 ## - PHYSICAL DESCRIPTION | |
| Extent | x, 348 pages : |
| Other physical details | map ; |
| Dimensions | 20 cm. |
| 336 ## - Content Type | |
| Content type term | text |
| 337 ## - Media type | |
| Media type term | unmediated |
| 338 ## - Carrier type | |
| Carrier type term | volume |
| 505 0# - FORMATTED CONTENTS NOTE | |
| Formatted contents note | The itch -- Métro, boulot, dodo -- Eggshells -- Space traveling and gaining momentum -- Stateside -- Bifurcation -- Fallout -- Damaged goods -- Bubble girl -- Stop-time -- Stuck -- Clinical trial blues -- The hundred-day project -- Tango to transplant -- On opposite ends of a telescope -- Hope Lodge -- Chronology of freedom -- The mutt -- Dreaming in watercolor -- A motley crew -- Hourglass -- The edges of us -- Done -- The in-between place -- Rites of passage -- Reentry -- For those left behind -- The long foray -- Written on the skin -- The value of pain -- Salsa and the survivalists -- "Doing a Brooke" -- Homegoing. |
| 520 ## - SUMMARY, ETC. | |
| Summary, etc | A few weeks shy of her twenty-third birthday, Jaouad received a diagnosis of leukemia, with a 35 percent chance of survival. She would spend much of the next four years in a hospital bed, fighting for her life and chronicling the saga in a column for The New York Times. After countless rounds of chemo, a clinical trial, and a bone marrow transplant she learned that a cure is not where the work of healing ends; it's where it begins. How could she reclaim what had been lost? Jaouad embarked on a 100-day, 15,000-mile road trip across the country. This is her inspiring exploration of what it means to begin again. -- adapted from jacket. |
| 600 10 - SUBJECT ADDED ENTRY--PERSONAL NAME | |
| Personal name | Jaouad, Suleika. |
| 9 (RLIN) | 6401685 |
| 650 #0 - SUBJECT ADDED ENTRY--TOPICAL TERM | |
| Topical term or geographic name as entry element | Women journalists |
| Form subdivision | Biography. |
| 9 (RLIN) | 6523295 |
| 650 #0 - SUBJECT ADDED ENTRY--TOPICAL TERM | |
| Topical term or geographic name as entry element | Journalists |
| Form subdivision | Biography. |
| 9 (RLIN) | 6440459 |
| 650 #0 - SUBJECT ADDED ENTRY--TOPICAL TERM | |
| Topical term or geographic name as entry element | Leukemia |
| General subdivision | Patients |
| Geographic subdivision | United States |
| Form subdivision | Biography. |
| 9 (RLIN) | 6401686 |
| 655 #7 - INDEX TERM--GENRE/FORM | |
| Genre/form data or focus term | Autobiographies. |
| Source of term | lcgft. |
| 942 ## - ADDED ENTRY ELEMENTS (KOHA) | |
| Source of classification or shelving scheme | Dewey Decimal Classification |
| Koha item type | BOOK |
| Withdrawn status | Lost status | Source of classification or shelving scheme | Damaged status | Not for loan | Collection code | Home library | Current library | Shelving location | Date acquired | Source of acquisition | Total Checkouts | Total Renewals | Full call number | Barcode | Checked out | Date last seen | Date checked out | Cost, replacement price | Price effective from | Koha item type |
|---|---|---|---|---|---|---|---|---|---|---|---|---|---|---|---|---|---|---|---|---|
| Dewey Decimal Classification | General NonFiction | Wasatch County Library | Wasatch County Library | Second Floor | 10/20/2025 | Ingram | 5 | 5 | 92 Jaouad | 34301002170498 | 04/17/2026 | 02/18/2026 | 02/18/2026 | 20.00 | 10/20/2025 | BOOK |
